[Event "SF Monheim 1 - SC Klein-Berlin Rheine 1"]
[Site "NRW-Klasse, Gruppe 2 2010/201"]
[Date "2011.01.30"]
[Round "6.3"]
[White "Bruemmer, Frank"]
[Black "Stoeber, Michael"]
[Result "1/2-1/2"]
[WhiteElo "2184"]
[BlackElo "2215"]
[PlyCount "90"]
[EventDate "2011.??.??"]

1. d4 Nf6 2. Nf3 g6 3. c4 Bg7 4. Nc3 O-O 5. Bf4 c5 6. d5 d6 7. h3 Qb6 8. Qc2 e6
9. e4 exd5 10. cxd5 Re8 11. Be2 Nxe4 12. Nxe4 Bf5 13. Nfd2 Bxe4 14. Nxe4 Qb4+
15. Kf1 Rxe4 16. Bxd6 Nd7 17. Bf3 Rc4 18. Qe2 Qxb2 19. Qxb2 Bxb2 20. Rb1 Re8
21. g3 Rc2 22. Bd1 Rd2 23. Bf4 Rd4 24. Kg2 Rb4 25. a3 Bxa3 26. Rxb4 Bxb4 27.
Ba4 Rd8 28. Bc7 Rc8 29. d6 Nb6 30. Ra1 Bc3 31. Ra2 Bf6 32. Bd1 Nd5 33. Bg4 Ra8
34. Bf3 Nxc7 35. dxc7 Rc8 36. Rxa7 Rxc7 37. Rxb7 Rxb7 38. Bxb7 c4 39. Bd5 c3
40. Bb3 Bd4 41. f4 Kg7 42. Kf3 f5 43. g4 Kf6 44. Bc2 fxg4+ 45. hxg4 Bc5 1/2-1/2

[Event "SF Monheim 1 - SC Klein-Berlin Rheine 1"]
[Site "NRW-Klasse, Gruppe 2 2010/201"]
[Date "2011.01.30"]
[Round "6.4"]
[White "Rechmann, Peter"]
[Black "Rademakers, Evert"]
[Result "1/2-1/2"]
[WhiteElo "2276"]
[BlackElo "2183"]
[PlyCount "37"]
[EventDate "2011.??.??"]

1. Nf3 Nf6 2. c4 g6 3. b4 Bg7 4. Bb2 O-O 5. g3 d5 6. cxd5 a5 7. a3 axb4 8. axb4
Rxa1 9. Bxa1 Qxd5 10. Nc3 Qh5 11. h3 Nc6 12. b5 Ne5 13. Nxe5 Qxe5 14. Bg2 Qh5
15. e3 Qxd1+ 16. Kxd1 Rd8 17. Ke2 Be6 18. d3 Nd5 19. Nxd5 1/2-1/2

[Event "SF Monheim 1 - SC Klein-Berlin Rheine 1"]
[Site "NRW-Klasse, Gruppe 2 2010/201"]
[Date "2011.01.30"]
[Round "6.5"]
[White "Lambrechts, Koen"]
[Black "Huelsmann, Josef"]
[Result "1-0"]
[WhiteElo "2198"]
[BlackElo "2113"]
[PlyCount "119"]
[EventDate "2011.??.??"]

1. e4 e6 2. d4 d5 3. Nc3 Nf6 4. e5 Nfd7 5. f4 c5 6. Nf3 Nc6 7. Be3 cxd4 8. Nxd4
Bc5 9. Qd2 Bxd4 10. Bxd4 Nxd4 11. Qxd4 Qb6 12. Qxb6 Nxb6 13. Nb5 Ke7 14. Bd3
Bd7 15. Nd4 Rac8 16. O-O-O f5 17. exf6+ gxf6 18. Rhe1 Kf7 19. Re2 Na4 20. Nb5
Bxb5 21. Bxb5 Nb6 22. Rde1 Rc5 23. a4 Rhc8 24. c3 d4 25. Rxe6 R8c7 26. g4 Nd5
27. g5 fxg5 28. fxg5 dxc3 29. Rh6 cxb2+ 30. Kxb2 Rc2+ 31. Kb1 Rg2 32. Rxh7+ Kg8
33. Rxc7 Nxc7 34. Bc4+ Kf8 35. h4 Rg4 36. Bb3 Rxh4 37. Rf1+ Ke7 38. g6 Rg4 39.
Rf7+ Kd6 40. g7 Nd5 41. Rxb7 a5 42. Rb8 Ne7 43. g8=Q Nxg8 44. Rxg8 Rb4 45. Kb2
Rb7 46. Ra8 Kc5 47. Rxa5+ Kb4 48. Rh5 Rb8 49. Rh4+ Ka5 50. Ka3 Rc8 51. Rh5+ Ka6
52. Kb4 Rb8+ 53. Rb5 Rh8 54. Bc4 Ka7 55. Rg5 Rb8+ 56. Bb5 Rb7 57. Rd5 Rb6 58.
Rd7+ Kb8 59. Kc5 Rh6 60. Bc6 1-0

[Event "SF Monheim 1 - SC Klein-Berlin Rheine 1"]
[Site "NRW-Klasse, Gruppe 2 2010/201"]
[Date "2011.01.30"]
[Round "6.6"]
[White "Vogelmann, Peter"]
[Black "Buendgen, Achim"]
[Result "0-1"]
[WhiteElo "2203"]
[BlackElo "2138"]
[PlyCount "48"]
[EventDate "2011.??.??"]

1. e4 e5 2. Nf3 Nc6 3. Nc3 g6 4. d4 exd4 5. Nxd4 Bg7 6. Nxc6 bxc6 7. Be3 Nf6 8.
g3 O-O 9. Bg2 Rb8 10. O-O Rxb2 11. Bxa7 d5 12. Rb1 Rxb1 13. Qxb1 Nd7 14. Ne2
Ba6 15. Re1 c5 16. Nf4 Qa8 17. Bh3 Ne5 18. Bxc5 Nf3+ 19. Kh1 Rb8 20. Nxd5 Rxb1
21. Rxb1 h5 22. Be7 f5 23. Bg2 fxe4 24. Bh3 Qxd5 0-1

[Event "SF Monheim 1 - SC Klein-Berlin Rheine 1"]
[Site "NRW-Klasse, Gruppe 2 2010/201"]
[Date "2011.01.30"]
[Round "6.7"]
[White "Henneberger, Sven"]
[Black "Weber, Franz-Josef"]
[Result "1-0"]
[WhiteElo "2066"]
[BlackElo "2041"]
[PlyCount "95"]
[EventDate "2011.??.??"]

1. e4 d6 2. d4 Nf6 3. Nc3 g6 4. Be3 Bg7 5. f3 a6 6. Qd2 Nc6 7. Nge2 b5 8. a4 b4
9. Nd5 Rb8 10. Nxf6+ Bxf6 11. Bg5 e5 12. Bxf6 Qxf6 13. d5 Na5 14. Nc1 O-O 15.
Nb3 Nxb3 16. cxb3 a5 17. Rc1 Qe7 18. Bb5 f5 19. O-O fxe4 20. fxe4 Rxf1+ 21.
Bxf1 Bb7 22. Qe3 Ra8 23. Bb5 Rf8 24. Qa7 Qg5 25. Rf1 Rxf1+ 26. Bxf1 Bc8 27. Qa8
Qe3+ 28. Kh1 Qc1 29. Qxc8+ Kg7 30. Qa6 Qxb2 31. Qc4 Kh6 32. Qd3 Qc1 33. Qf3 Kg7
34. h3 Qe1 35. Kh2 Qd2 36. Qd3 Qf4+ 37. Kh1 Kh6 38. Qc4 Kg5 39. Be2 Qe3 40. Qd3
Qc1+ 41. Kh2 Kh6 42. Qf3 Kg7 43. Bc4 Qd2 44. Qg4 h5 45. Qf3 Qe1 46. Bb5 Kh6 47.
Be8 h4 48. Qg4 1-0

[Event "SF Monheim 1 - SC Klein-Berlin Rheine 1"]
[Site "NRW-Klasse, Gruppe 2 2010/201"]
[Date "2011.01.30"]
[Round "6.8"]
[White "Reinemer, Frank"]
[Black "Langhanke, Guenther"]
[Result "1/2-1/2"]
[WhiteElo "2111"]
[BlackElo "2004"]
[PlyCount "36"]
[EventDate "2011.??.??"]

1. d4 d5 2. c4 e6 3. Nc3 Nf6 4. cxd5 exd5 5. Bg5 Nbd7 6. e3 c6 7. Bd3 Be7 8.
Qc2 Nh5 9. Bxe7 Qxe7 10. O-O-O Nb6 11. Kb1 Be6 12. Nf3 O-O-O 13. Ka1 Kb8 14.
Na4 Nxa4 15. Qxa4 Nf6 16. b4 Ne4 17. Bxe4 dxe4 18. Nd2 f5 1/2-1/2

[Event "Elberfelder SG 1 - Mettmann-Sport 1"]
[Site "NRW-Klasse, Gruppe 2 2010/201"]
[Date "2011.01.30"]
[Round "6.1"]
[White "Griebl, Joern"]
[Black "Odendahl, Reiner"]
[Result "0-1"]
[WhiteElo "2262"]
[BlackElo "2300"]
[PlyCount "72"]
[EventDate "2011.??.??"]

1. d4 Nf6 2. c4 c5 3. Nf3 g6 4. Nc3 cxd4 5. Nxd4 Nc6 6. g3 Bg7 7. Bg2 O-O 8.
O-O Nxd4 9. Qxd4 d6 10. b3 Ne4 11. Qxe4 Bxc3 12. Bh6 Bxa1 13. Bxf8 Qxf8 14.
Rxa1 Rb8 15. c5 dxc5 16. Qe5 Be6 17. Qxc5 b6 18. Qc7 a5 19. Rd1 Kg7 20. e3 Qe8
21. h4 a4 22. Qe5+ Kg8 23. Bc6 Qc8 24. bxa4 f6 25. Qe4 Kf8 26. Bd5 Bg4 27. f3
Bf5 28. Qf4 Kg7 29. g4 Bd7 30. Bb3 Rb7 31. Qe4 Bc6 32. Qc4 Kh8 33. Rc1 Rc7 34.
g5 Bxf3 35. gxf6 Rxc4 36. Rxc4 Qh3 0-1

[Event "Elberfelder SG 1 - Mettmann-Sport 1"]
[Site "NRW-Klasse, Gruppe 2 2010/201"]
[Date "2011.01.30"]
[Round "6.2"]
[White "Hintze, Helge"]
[Black "Perschke, Ulrich"]
[Result "1-0"]
[WhiteElo "2303"]
[BlackElo "2136"]
[PlyCount "67"]
[EventDate "2011.??.??"]

1. Nf3 c5 2. g3 Nc6 3. d4 cxd4 4. Nxd4 g6 5. Bg2 Bg7 6. Nb3 Nf6 7. Nc3 d6 8.
O-O Bd7 9. h3 O-O 10. e4 Rc8 11. Kh2 a6 12. f4 Na5 13. e5 Ne8 14. Nxa5 Qxa5 15.
Bxb7 Rxc3 16. bxc3 Bb5 17. Re1 dxe5 18. fxe5 Qxc3 19. Bf4 Nc7 20. a4 Bc6 21.
Bxc6 Qxc6 22. Qd3 Ne6 23. Qe4 Qc3 24. Rad1 Rc8 25. Re2 g5 26. Bc1 h6 27. Rd3
Qa1 28. Ba3 Rc7 29. Rb3 Qd1 30. Rb8+ Bf8 31. Rf2 Nd4 32. Rd8 Rxc2 33. Rxc2 Nf3+
34. Kg2 1-0

[Event "Elberfelder SG 1 - Mettmann-Sport 1"]
[Site "NRW-Klasse, Gruppe 2 2010/201"]
[Date "2011.01.30"]
[Round "6.3"]
[White "Tochtrop, Matthias"]
[Black "Mantler, Hendrik"]
[Result "1/2-1/2"]
[WhiteElo "2105"]
[BlackElo "2144"]
[PlyCount "43"]
[EventDate "2011.??.??"]

1. e4 e5 2. Nf3 Nc6 3. d3 Nf6 4. Nbd2 Bc5 5. Be2 h6 6. c3 a6 7. O-O d6 8. Nc4
Ba7 9. Be3 O-O 10. h3 Re8 11. Bxa7 Rxa7 12. Qc2 Ra8 13. Nh2 d5 14. Ne3 Ne7 15.
Nhg4 Nxg4 16. hxg4 c6 17. g3 Ng6 18. Kg2 Qd6 19. Rh1 Be6 20. Rh5 Rad8 21. Nf5
Bxf5 22. gxf5 1/2-1/2

[Event "Elberfelder SG 1 - Mettmann-Sport 1"]
[Site "NRW-Klasse, Gruppe 2 2010/201"]
[Date "2011.01.30"]
[Round "6.4"]
[White "Kurr, Gerd"]
[Black "Meyer, Mario"]
[Result "1-0"]
[WhiteElo "2160"]
[BlackElo "2103"]
[PlyCount "101"]
[EventDate "2011.??.??"]

1. d4 f5 2. e4 fxe4 3. Nc3 Nf6 4. Bg5 Nc6 5. d5 Ne5 6. Qd4 Nf7 7. Bxf6 exf6 8.
Qxe4+ Qe7 9. O-O-O Qxe4 10. Nxe4 Be7 11. f4 O-O 12. Nf3 Nd6 13. Ng3 b6 14. Bd3
Bb7 15. Rhe1 Rfe8 16. c4 g6 17. f5 Kg7 18. Re2 Bf8 19. Rde1 Rxe2 20. Rxe2 Re8
21. Kd2 Rxe2+ 22. Nxe2 Nxf5 23. Bxf5 gxf5 24. Nh4 Bc5 25. Kd3 c6 26. Nf4 cxd5
27. Nxf5+ Kf7 28. cxd5 Ba6+ 29. Ke4 Bc4 30. b3 Bf1 31. g3 a5 32. Ne3 Bxe3 33.
Kxe3 d6 34. a3 Bb5 35. Ke4 Bd7 36. Ng2 b5 37. b4 axb4 38. axb4 Kg6 39. Kf4 Kf7
40. h4 h5 41. Ne3 Kg6 42. g4 hxg4 43. Nxg4 Bc8 44. h5+ Kxh5 45. Nxf6+ Kg6 46.
Ne8 Bd7 47. Nxd6 Kf6 48. Ke4 Ke7 49. Ke5 Kd8 50. Kd4 Bg4 51. Nxb5 1-0

[Event "Elberfelder SG 1 - Mettmann-Sport 1"]
[Site "NRW-Klasse, Gruppe 2 2010/201"]
[Date "2011.01.30"]
[Round "6.5"]
[White "Sponheim, Marko"]
[Black "Noetzel, Frank"]
[Result "1/2-1/2"]
[WhiteElo "1991"]
[BlackElo "2208"]
[PlyCount "42"]
[EventDate "2011.??.??"]

1. e4 e5 2. Nf3 Nc6 3. d4 exd4 4. Nxd4 g6 5. Nxc6 bxc6 6. Qd4 Qf6 7. Qxf6 Nxf6
8. Bd3 d6 9. b3 Bg7 10. Bb2 O-O 11. O-O Re8 12. Nd2 Nxe4 13. Bxe4 Bxb2 14. Bxc6
Bxa1 15. Bxe8 Bg7 16. Bc6 Rb8 17. Re1 Be6 18. Nf3 h6 19. c4 Kf8 20. Nh4 Rb6 21.
Be4 Bf6 1/2-1/2

[Event "Elberfelder SG 1 - Mettmann-Sport 1"]
[Site "NRW-Klasse, Gruppe 2 2010/201"]
[Date "2011.01.30"]
[Round "6.6"]
[White "Wicht, Juergen"]
[Black "Schatzschneider, Karl Immo"]
[Result "1-0"]
[WhiteElo "2069"]
[BlackElo "2035"]
[PlyCount "63"]
[EventDate "2011.??.??"]

1. d4 Nf6 2. c4 e6 3. Nf3 c5 4. d5 exd5 5. cxd5 d6 6. Nc3 g6 7. e4 Bg7 8. h3
O-O 9. Be3 b6 10. Nd2 Re8 11. Qc2 Na6 12. Bb5 Re7 13. O-O Nc7 14. Bc6 Rb8 15.
a4 a6 16. f4 Bb7 17. Bxb7 Rxb7 18. Nc4 Nfe8 19. Rad1 Rd7 20. Qf2 f6 21. Qf3 Na8
22. e5 fxe5 23. fxe5 Rf7 24. Qe4 dxe5 25. Rxf7 Rxf7 26. d6 Nf6 27. Qc6 Nd7 28.
Nd5 Bf8 29. Ne7+ Kg7 30. Bg5 Nf6 31. Nxe5 Rxe7 32. Bxf6+ 1-0

[Event "Elberfelder SG 1 - Mettmann-Sport 1"]
[Site "NRW-Klasse, Gruppe 2 2010/201"]
[Date "2011.01.30"]
[Round "6.7"]
[White "Kroen, Thomas"]
[Black "Kley, Thomas"]
[Result "1/2-1/2"]
[WhiteElo "1648"]
[BlackElo "2079"]
[Annotator "Hausrath,Daniel"]
[PlyCount "50"]
[EventDate "2011.??.??"]

1. e4 c5 2. Nc3 Nc6 3. g3 g6 4. Bg2 Bg7 5. d3 d6 6. f4 Nh6 7. Nf3 O-O 8. O-O f5
9. h3 Bd7 10. Be3 Nd4 11. Kh2 Nf7 12. Qd2 b5 13. Nd1 Rc8 14. Nh4 e6 15. c3 Nc6
16. Nf3 b4 17. e5 bxc3 18. bxc3 dxe5 19. Bxc5 exf4 20. gxf4 Re8 21. Be3 $11 Qc7
22. d4 Nd6 23. Ne5 Nxe5 24. fxe5 Nc4 25. Qf2 Ba4 1/2-1/2

[Event "Elberfelder SG 1 - Mettmann-Sport 1"]
[Site "NRW-Klasse, Gruppe 2 2010/201"]
[Date "2011.01.30"]
[Round "6.8"]
[White "Reinartz, Georg"]
[Black "Hartwig, Eduard"]
[Result "1-0"]
[WhiteElo "2255"]
[BlackElo "1531"]
[PlyCount "47"]
[EventDate "2011.??.??"]

1. d4 f5 2. g3 Nf6 3. Bg2 g6 4. Nd2 Bg7 5. c3 O-O 6. Qb3+ d5 7. Nh3 c6 8. Nf4
Kh8 9. Nf3 Ne4 10. h4 Re8 11. h5 g5 12. h6 Bf6 13. Nh5 e6 14. Nxf6 Qxf6 15. Ne5
Nd6 16. Qb4 Nf7 17. Nxf7+ Qxf7 18. Bxg5 Rg8 19. Bf4 Nd7 20. Qd6 Re8 21. Bf3 Qe7
22. Bh5 Qxd6 23. Bxd6 Rd8 24. Bf7 1-0

[Event "SF Schwerte 1 - Bielefelder SK 1"]
[Site "NRW-Klasse, Gruppe 2 2010/201"]
[Date "2011.01.30"]
[Round "6.1"]
[White "Forchert, Martin"]
[Black "Klug, Wolfgang"]
[Result "1-0"]
[WhiteElo "2340"]
[BlackElo "1911"]
[PlyCount "57"]
[EventDate "2011.??.??"]

1. e4 c5 2. Nf3 g6 3. d4 cxd4 4. Nxd4 Nc6 5. c4 Nf6 6. Nc3 d6 7. Nc2 Bg7 8. Be2
O-O 9. O-O Be6 10. Be3 a5 11. f3 a4 12. Rc1 Qa5 13. Nd5 Bxd5 14. cxd5 Ne5 15.
Qe1 Qxe1 16. Rfxe1 Rfc8 17. Nd4 Ned7 18. Kf1 Nc5 19. Rc2 Ncd7 20. Rec1 Rxc2 21.
Rxc2 Nc5 22. Bb5 Kf8 23. Ke2 e5 24. dxe6 fxe6 25. Bc4 d5 26. Bb5 b6 27. e5 Nfd7
28. Bxd7 Nxd7 29. Nxe6+ 1-0

[Event "SF Schwerte 1 - Bielefelder SK 1"]
[Site "NRW-Klasse, Gruppe 2 2010/201"]
[Date "2011.01.30"]
[Round "6.2"]
[White "Borzykin, Ihor"]
[Black "Buenermann, Volker"]
[Result "0-1"]
[WhiteElo "1927"]
[BlackElo "2270"]
[PlyCount "32"]
[EventDate "2011.??.??"]

1. e4 c5 2. Nc3 Nc6 3. f4 g6 4. Nf3 Bg7 5. Bc4 e6 6. O-O Nge7 7. e5 d5 8. exd6
Nf5 9. Bb5 Qxd6 10. Ne4 Qxf4 11. Bxc6+ bxc6 12. Nfg5 Qe5 13. g4 h6 14. Nxf7
Qxe4 15. Qf3 Qxf3 16. Rxf3 Kxf7 0-1

[Event "SF Schwerte 1 - Bielefelder SK 1"]
[Site "NRW-Klasse, Gruppe 2 2010/201"]
[Date "2011.01.30"]
[Round "6.3"]
[White "Goeßling, Guido"]
[Black "Tawakol, Kai"]
[Result "1-0"]
[WhiteElo "2188"]
[BlackElo "2103"]
[PlyCount "97"]
[EventDate "2011.??.??"]

1. e4 e6 2. d4 d5 3. Nc3 Bb4 4. e5 Ne7 5. a3 Bxc3+ 6. bxc3 c5 7. h4 Nbc6 8. h5
h6 9. Qg4 Nf5 10. Bd3 O-O 11. Nf3 f6 12. Bxf5 exf5 13. Qg3 fxe5 14. Bxh6 Qf6
15. Bg5 f4 16. Bxf6 fxg3 17. Bxe5 Nxe5 18. dxe5 Bg4 19. fxg3 Bxf3 20. gxf3 Rxf3
21. O-O-O Rd8 22. Rd3 Rf5 23. e6 Re5 24. h6 gxh6 25. Rxh6 Kg7 26. e7 Rxe7 27.
Rh5 Red7 28. c4 dxc4 29. Rxd7+ Rxd7 30. Rxc5 Rd4 31. Rc7+ Kf6 32. Rxb7 Rg4 33.
Rxa7 Ke5 34. Rd7 Rxg3 35. Kb2 Rh3 36. a4 Rg3 37. Rd1 Rh3 38. Ka2 Rg3 39. Kb2
Rh3 40. Rd8 Ke4 41. c3 Ke5 42. a5 Rg3 43. Rd4 Rh3 44. Rxc4 Kd5 45. Rc8 Kd6 46.
Kb3 Kd7 47. Rc4 Rh1 48. Ka4 Rb1 49. a6 1-0

[Event "SF Schwerte 1 - Bielefelder SK 1"]
[Site "NRW-Klasse, Gruppe 2 2010/201"]
[Date "2011.01.30"]
[Round "6.4"]
[White "Fleischhauer, Thomas"]
[Black "Wagenknecht, Uwe"]
[Result "1/2-1/2"]
[WhiteElo "2040"]
[BlackElo "2194"]
[PlyCount "38"]
[EventDate "2011.??.??"]

1. c4 b6 2. Nc3 Bb7 3. d4 e6 4. Bf4 Nf6 5. e3 Bb4 6. Nge2 O-O 7. a3 Bxc3+ 8.
Nxc3 d5 9. cxd5 Nxd5 10. Nxd5 Qxd5 11. f3 c5 12. dxc5 bxc5 13. Qxd5 exd5 14.
Bb5 Na6 15. O-O-O Rfd8 16. Rd2 c4 17. Bxa6 Bxa6 18. Be5 Bb7 19. Rhd1 Re8
1/2-1/2

[Event "SF Schwerte 1 - Bielefelder SK 1"]
[Site "NRW-Klasse, Gruppe 2 2010/201"]
[Date "2011.01.30"]
[Round "6.5"]
[White "Simon, Hans Christian"]
[Black "Vicktor, Christian"]
[Result "1/2-1/2"]
[WhiteElo "2141"]
[BlackElo "2000"]
[PlyCount "107"]
[EventDate "2011.??.??"]

1. Nf3 Nf6 2. g3 d5 3. Bg2 e6 4. O-O Be7 5. d4 O-O 6. c4 dxc4 7. Qc2 a6 8. a4
Bd7 9. Ne5 Bc6 10. Nxc6 Nxc6 11. e3 Na5 12. Nd2 Nd5 13. Nxc4 Nxc4 14. Qxc4 a5
15. e4 Nb4 16. Be3 c6 17. f4 g6 18. Rad1 Re8 19. g4 Bf6 20. Rd2 Rc8 21. Rc1 Bg7
22. Bf2 Qf6 23. Bg3 Qe7 24. Bf2 Qd6 25. Be3 Qd8 26. Qf1 Re7 27. Qf2 Rd7 28.
Rcd1 Qe7 29. f5 exf5 30. gxf5 Re8 31. Qf4 gxf5 32. Qxf5 Qd8 33. Bg5 f6 34. Bf4
Rde7 35. Bf3 b6 36. Rg2 Qd7 37. Qh5 f5 38. Qxf5 Rf8 39. Qg5 Kh8 40. e5 Ref7 41.
Bg4 Qd5 42. Be3 Qe4 43. Be6 Qf3 44. Rgd2 Bh6 45. Qxh6 Rg8+ 46. Bg5 Qe3+ 47. Kh1
Rxg5 48. Rg2 Qxd4 49. Qxg5 Qxd1+ 50. Rg1 Qf3+ 51. Rg2 Qf1+ 52. Rg1 Qf3+ 53. Rg2
Qf1+ 54. Rg1 1/2-1/2

[Event "SF Schwerte 1 - Bielefelder SK 1"]
[Site "NRW-Klasse, Gruppe 2 2010/201"]
[Date "2011.01.30"]
[Round "6.6"]
[White "Zarges, Stephan"]
[Black "Danielmeier, Ralf"]
[Result "1-0"]
[WhiteElo "2136"]
[BlackElo "2107"]
[PlyCount "103"]
[EventDate "2011.??.??"]

1. e4 d5 2. exd5 Qxd5 3. Nc3 Qa5 4. d4 Nf6 5. Nf3 c6 6. Bc4 Bf5 7. Bd2 e6 8.
Nd5 Qd8 9. Ne3 Bg6 10. O-O Nbd7 11. Re1 Bd6 12. Bb3 O-O 13. Nc4 Be7 14. Ba5 b6
15. Bd2 c5 16. a4 Bh5 17. Be3 cxd4 18. Bxd4 Nc5 19. Nce5 Nxb3 20. cxb3 Qd5 21.
Rc1 Rac8 22. Qd3 Ng4 23. Rxc8 Rxc8 24. Qa6 Rc7 25. h3 Nxe5 26. Bxe5 Bd6 27.
Bxd6 Qxd6 28. Qe2 h6 29. Rd1 Qf4 30. g4 Bg6 31. Ne5 Be4 32. Nc4 Bd5 33. Ne3 Bf3
34. Rd8+ Kh7 35. Qd2 Be4 36. Qd1 h5 37. gxh5 Qg5+ 38. Kh2 Qh4 39. Rd2 Bf5 40.
Qf3 Rc5 41. Rd7 Be4 42. Qxf7 Rg5 43. Rd8 Rxh5 44. Qg8+ Kh6 45. Qxe6+ Kh7 46.
Qg8+ Kh6 47. Rd6+ Bg6 48. Qh8+ Kg5 49. Rd5+ Kf4 50. Rd4+ Be4 51. Ng2+ Ke5 52.
Qxg7+ 1-0

[Event "SF Schwerte 1 - Bielefelder SK 1"]
[Site "NRW-Klasse, Gruppe 2 2010/201"]
[Date "2011.01.30"]
[Round "6.7"]
[White "Gruettemeier, Uwe"]
[Black "Duerwald, Martin"]
[Result "1-0"]
[WhiteElo "2078"]
[BlackElo "2032"]
[PlyCount "77"]
[EventDate "2011.??.??"]

1. d4 Nf6 2. Nf3 e6 3. c4 b6 4. g3 Bb7 5. Bg2 Bb4+ 6. Bd2 Qe7 7. Nc3 c5 8. d5
O-O 9. O-O Bxc3 10. Bxc3 exd5 11. Nh4 d6 12. cxd5 Bc8 13. Qc2 Na6 14. Nf5 Bxf5
15. Qxf5 Nc7 16. a4 Qd7 17. Qd3 Rab8 18. Bxf6 gxf6 19. Be4 Qh3 20. Bf5 Qh5 21.
g4 Qh6 22. Rfd1 Rfe8 23. Ra3 Re5 24. Qf3 Na6 25. Qg2 Rbe8 26. Rh3 Qf4 27. Bxh7+
Kf8 28. Bd3 Qxa4 29. Qf1 Nb4 30. Ra1 Qd7 31. Bf5 Qb7 32. e4 Nc2 33. Qb5 Kg7 34.
Qa6 Qe7 35. Qd3 Rxf5 36. gxf5 Rg8 37. Rg3+ Kh7 38. Rxg8 Nxa1 39. Qg3 1-0

[Event "SF Schwerte 1 - Bielefelder SK 1"]
[Site "NRW-Klasse, Gruppe 2 2010/201"]
[Date "2011.01.30"]
[Round "6.8"]
[White "Vorschuetz, Stefan"]
[Black "Ebert, Karsten"]
[Result "1-0"]
[WhiteElo "2010"]
[BlackElo "1861"]
[PlyCount "51"]
[EventDate "2011.??.??"]

1. e4 e6 2. d4 d5 3. Nc3 Nf6 4. e5 Nfd7 5. f4 c5 6. Nf3 Nc6 7. Be3 Be7 8. Qd2
O-O 9. O-O-O cxd4 10. Nxd4 Nxd4 11. Bxd4 f6 12. exf6 Nxf6 13. Bd3 Bd7 14. Kb1
a6 15. Rhg1 Bb4 16. Qe3 Qe7 17. g4 Bc6 18. Ne2 Bb5 19. g5 Bxd3 20. gxf6 Bxc2+
21. Kxc2 Rxf6 22. Bxf6 Qxf6 23. Qe5 Rc8+ 24. Kd3 Qh6 25. Rxg7+ Kf8 26. Rxb7 1-0

[Event "SK Herne-Sodingen 1 - SV Erkenschwick 1"]
[Site "NRW-Klasse, Gruppe 2 2010/201"]
[Date "2011.01.30"]
[Round "6.1"]
[White "Bitalzadeh, Ali"]
[Black "Tomaszewski, Roman"]
[Result "1-0"]
[WhiteElo "2433"]
[BlackElo "2301"]
[PlyCount "45"]
[EventDate "2011.??.??"]

1. d4 d5 2. c4 e6 3. Nc3 f5 4. g4 fxg4 5. e4 dxe4 6. Qxg4 Nf6 7. Qh4 Nc6 8. Be3
e5 9. O-O-O exd4 10. Nge2 Bc5 11. Rg1 Qe7 12. Bg5 dxc3 13. Nxc3 Qf7 14. Bxf6
Qxf6 15. Qh5+ g6 16. Qxc5 Qf4+ 17. Rd2 Bf5 18. Bg2 Qxh2 19. f4 Qxf4 20. Bxe4
Rc8 21. Bxc6+ bxc6 22. Re1+ Kf7 23. Qe7+ 1-0

[Event "SK Herne-Sodingen 1 - SV Erkenschwick 1"]
[Site "NRW-Klasse, Gruppe 2 2010/201"]
[Date "2011.01.30"]
[Round "6.2"]
[White "Langers, Alexander"]
[Black "Erwich, Marc"]
[Result "0-1"]
[WhiteElo "2155"]
[BlackElo "2296"]
[PlyCount "78"]
[EventDate "2011.??.??"]

1. e4 e5 2. Nf3 Nc6 3. Bb5 a6 4. Ba4 Nf6 5. O-O Be7 6. d3 b5 7. Bb3 d6 8. c3
O-O 9. a4 Rb8 10. axb5 axb5 11. Bd5 Qd7 12. b4 Nxd5 13. exd5 Nd8 14. Nbd2 c6
15. dxc6 Nxc6 16. Nb3 Bb7 17. Bd2 f5 18. Qe2 Bf6 19. Rfc1 e4 20. dxe4 fxe4 21.
Nfd4 Ne5 22. Qxb5 Qg4 23. Qe2 Nf3+ 24. Kh1 Qh4 25. Nxf3 exf3 26. Qe6+ Kh8 27.
g3 Qh5 28. Nd4 Be5 29. Ra7 Rbe8 30. Qc4 Bxg3 31. fxg3 Re2 32. Qxe2 fxe2+ 33.
Rxb7 Rf1+ 34. Kg2 Qd5+ 35. Kh3 Qxb7 36. Nxe2 Rf2 37. Re1 Qd7+ 38. Kh4 Rxh2+ 39.
Kg5 Qe7+ 0-1

[Event "SK Herne-Sodingen 1 - SV Erkenschwick 1"]
[Site "NRW-Klasse, Gruppe 2 2010/201"]
[Date "2011.01.30"]
[Round "6.3"]
[White "Willemze, Jeroen"]
[Black "Schippan, Bernhard"]
[Result "0-1"]
[WhiteElo "2409"]
[BlackElo "2222"]
[Annotator "Hausrath,Daniel"]
[PlyCount "33"]
[EventDate "2011.??.??"]

1. e4 e5 2. Nf3 Nc6 3. Bc4 Nf6 4. d3 Be7 5. O-O O-O 6. Nc3 d6 7. a4 Bg4 8. h3
Be6 9. a5 a6 10. Nd5 Bxd5 11. exd5 Nb4 12. c3 Nbxd5 13. Qb3 c6 14. Qxb7 Qc8 15.
Qb3 Nc7 16. Qa4 Nb5 17. Ba2 {Handy!} 0-1

[Event "SK Herne-Sodingen 1 - SV Erkenschwick 1"]
[Site "NRW-Klasse, Gruppe 2 2010/201"]
[Date "2011.01.30"]
[Round "6.4"]
[White "Waldschmidt, Georg"]
[Black "van Beek, Alexander"]
[Result "0-1"]
[WhiteElo "2188"]
[BlackElo "2264"]
[PlyCount "90"]
[EventDate "2011.??.??"]

1. e4 e5 2. Nf3 Nc6 3. Bb5 a6 4. Ba4 Nf6 5. O-O Be7 6. Re1 b5 7. Bb3 d6 8. c3
O-O 9. d4 Bg4 10. d5 Na5 11. Bc2 c6 12. h3 Bd7 13. Nxe5 dxe5 14. d6 c5 15. dxe7
Qxe7 16. Nd2 Rfd8 17. Qf3 c4 18. Nf1 Ne8 19. Ne3 Nb7 20. Nd5 Qe6 21. Be3 Bc6
22. Rad1 Rd6 23. b4 f6 24. a4 bxa4 25. Nb6 Rad8 26. Nxa4 Nc7 27. Qg3 Rxd1 28.
Rxd1 Rxd1+ 29. Bxd1 Bxe4 30. Nb6 Nb5 31. Be2 Bd3 32. Bf3 Nxc3 33. Bh6 Bg6 34.
Be3 Nd6 35. Qh4 e4 36. Bg4 Nf5 37. Bxf5 Bxf5 38. Kh1 Nd1 39. Qf4 c3 40. Qb8+
Kf7 41. Qc7+ Qe7 42. Qc4+ Be6 43. Qxe4 Nxe3 44. fxe3 Qc7 45. Nd5 c2 0-1

[Event "SK Herne-Sodingen 1 - SV Erkenschwick 1"]
[Site "NRW-Klasse, Gruppe 2 2010/201"]
[Date "2011.01.30"]
[Round "6.5"]
[White "Erwich, Frank A.S"]
[Black "Becker, Joerg"]
[Result "1-0"]
[WhiteElo "2282"]
[BlackElo "2176"]
[PlyCount "53"]
[EventDate "2011.??.??"]

1. c4 e5 2. g3 Nc6 3. Bg2 Bc5 4. Nc3 Nf6 5. e3 O-O 6. Nge2 Re8 7. d3 d6 8. O-O
Bg4 9. h3 Bd7 10. b3 Qc8 11. Kh2 Ne7 12. d4 Bb4 13. Nb1 c6 14. Bb2 e4 15. d5
cxd5 16. Bxf6 gxf6 17. Nf4 Qd8 18. a3 Ba5 19. b4 Bb6 20. Nc3 d4 21. Nxe4 Nf5
22. Nd5 Re6 23. Qg4+ Ng7 24. Ndxf6+ Kh8 25. Qh4 h5 26. Qg5 Rxf6 27. Nxf6 1-0

[Event "SK Herne-Sodingen 1 - SV Erkenschwick 1"]
[Site "NRW-Klasse, Gruppe 2 2010/201"]
[Date "2011.01.30"]
[Round "6.6"]
[White "Berndt, Joachim"]
[Black "Krings, Christoph"]
[Result "1-0"]
[WhiteElo "2118"]
[BlackElo "2123"]
[PlyCount "99"]
[EventDate "2011.??.??"]

1. d4 e6 2. Nf3 f5 3. h3 b6 4. Bf4 Nf6 5. e3 Be7 6. c4 O-O 7. Nc3 Bb7 8. Be2
Ne4 9. Qc2 Nxc3 10. bxc3 d6 11. Rg1 Nd7 12. Rd1 Qe8 13. g4 Be4 14. Qb3 Kh8 15.
gxf5 Bxf5 16. h4 Bf6 17. Kd2 e5 18. Bg5 Be4 19. Rg3 Bxf3 20. Bxf6 Nxf6 21. Bxf3
Rd8 22. Rdg1 Nh5 23. Bxh5 Qxh5 24. R1g2 Qxh4 25. Ke2 Qh5+ 26. Ke1 Rd7 27. Qb5
Rdf7 28. Qd5 Qh4 29. Ke2 exd4 30. cxd4 Qh1 31. f4 Rf5 32. Qe6 Ra5 33. c5 Qb1
34. Kf3 Qd1+ 35. Ke4 d5+ 36. Qxd5 Re8+ 37. Kf5 Qh5+ 38. Rg5 Qh3+ 39. R2g4 Qxe3
40. Rxg7 Rf8+ 41. Rf7 Qe8 42. Rgg7 Rxf7+ 43. Rxf7 bxc5 44. Qe5+ Qxe5+ 45. dxe5
Rxa2 46. Kf6 h5 47. e6 Kg8 48. Rg7+ Kh8 49. e7 Re2 50. Rg5 1-0

[Event "SK Herne-Sodingen 1 - SV Erkenschwick 1"]
[Site "NRW-Klasse, Gruppe 2 2010/201"]
[Date "2011.01.30"]
[Round "6.7"]
[White "Eggenstein, Frank"]
[Black "Buchenthal, Dieter"]
[Result "0-1"]
[WhiteElo "2022"]
[BlackElo "2083"]
[Annotator "Hausrath,Daniel"]
[PlyCount "62"]
[EventDate "2011.??.??"]

1. e4 c5 2. Nf3 g6 3. c3 Nf6 4. e5 Nd5 5. Qb3 e6 6. d4 cxd4 7. cxd4 Na6 8. Nc3
Qa5 9. Bd2 Nxc3 10. bxc3 b6 11. Be2 Bb7 12. O-O Qa3 $11 13. Qd1 Rc8 14. h4 Bd5
15. h5 gxh5 16. Ng5 Rg8 17. Bf3 Bh6 18. Bxd5 Bxg5 19. f4 Be7 20. Bf3 h4 21. Kh2
Nc7 22. Bb7 Rb8 23. Be4 d5 24. Bxh7 Rg7 25. Bd3 Kd7 26. f5 Rbg8 27. Rg1 Rg3 28.
Qf1 h3 29. Bf4 hxg2 30. Bb5+ Kc8 31. Qe1 R3g4 0-1